00468nam a2200193 a 4500001001300000003000900013005001700022008004100039020001000080082001900090100001000109245001800119260005200137300000900189500003500198505001300233650001800246700001000264nice12345678IN_TiNIC20260116013001.0050524s0000 lona grp 000 0 per  ac10000a225.59155bBFS aBf, S aAhd-E-Jadeed. aLondonbBritish and Foreign Bible Societyc0000 a421p aincludes index and biblioraphy2 aAppendix aBible-Persian1 aBf, S